000 00345nam a22001217a 4500
082 _a346.05
_bCHA
100 _aChaudhary, Abdul Wahid
245 _aLaw of Court Fee and Suits Valuation /
_cAbdul Wahid Chaudhary
260 _aLahore :
_bNational Law Book House,
_c2004.
300 _a384 p. ;
_c24 CM.
563 _aHB.
942 _2ddc
_cBK
999 _c615991
_d615991